zpět

Detail výsledku týmu

Finále kraje Vysočina, Jihlava

Datum a čas kvízu

24.5 Celkem bodů Celkový počet nahraných bodů na tomto kvízu bez doplňovacích otázek.
16. Pořadí na kvízu Konečné umístění týmu na tomto kvízu.

Zaznamenané odpovědi

# Otázka Odpověď Body Výsledky
1. Koncept finále bude podobný ja... Mike Tyson, Evander Holyfield 1
2. Téma: Slovenští sportovci. Se... Los Angeles Kings 0
3. Téma: Raketové sporty. Na kter... na padel 1
4. V této otázce spojíme témata G... z Rumunska 1
5. Téma: Americký fotbal. Kolik p... 4 1
6. Téma: Italská kuchyně. Jak se... guanciale 0
7. Před pár týdny jsme testovali... Orion, Aero 0.5
8. Téma: Houby v kuchyni. Na foto... smrž, ucháč 1
9. Po lidech nejsou pojmenována p... Bellini 0
10. Téma náhražek v kuchyni nevyhn... C 0